| 000 | 00542nam a2200181 a 4500 | ||
|---|---|---|---|
| 005 | 20210223125732.0 | ||
| 008 | 051024s1996 mx r 000 0 spa d | ||
| 020 | _a9688592331 | ||
| 035 | _aUPN01000140786 | ||
| 049 | _aCG | ||
| 050 | 4 |
_aNC1002 P3.3 _bR6.3 |
|
| 100 | 1 | _aRobles Mac Farland, Marcela | |
| 245 | 1 | 0 |
_aDiseño gráfico de envases : _bguía y metodología / _cMarcela Robles Mac Farland. |
| 260 |
_aMéxico : _bUniversidad Iberoamericana, _c1996. |
||
| 300 | _a131 p. | ||
| 650 | 4 |
_aENVASES - _xDISEÑO _921531 |
|
| 905 | _aLibro | ||
| 999 |
_c112934 _d112934 |
||